| 000 | 00687nam a22002177a 4500 | ||
|---|---|---|---|
| 003 | LC | ||
| 005 | 20160301144450.0 | ||
| 008 | 130911t xxu||||| |||| 00| 0 eng d | ||
| 020 | _a0515115649 | ||
| 050 |
_aPS3552.R354 _bC369 1992 |
||
| 082 |
_aFIC _bB73c 1992 |
||
| 100 | _aBraun, Lilian Jackson | ||
| 245 |
_aThe cat who came to breakfast. _c Lilian Jackson Braun |
||
| 260 |
_aNew York : _b Jove Books, _cc1994. |
||
| 300 |
_a279 p. : _bill . ; _c18 cm. |
||
| 650 | _aQwilleran, Jim (Fictitious character) -- Fiction. | ||
| 650 | _aYum Yum (Fictitious character : Braun) -- Fiction. | ||
| 650 | _aKoko (Fictitious character) -- Fiction. | ||
| 942 |
_2lcc _cBK |
||
| 999 |
_c10864 _d10864 |
||